000 00584cam a2200193 a 4500
999 _c6319
_d6319
001 9426
003 BD-DhUAP
005 20201229124737.0
008 201229s2007 bg a 000 0 eng
020 _a9843000000226
040 _aDLC
_cDLC
_dBD-DhUAP
_beng
082 _223
_a338.95492 STA
245 _aState of the Bangladesh economy in FY2005-06 and outlook for FY2006-07.
260 _aDhaka :
_bCPD,
_cc2007.
300 _a99 pages :
_billustrations ;
_c28 cm.
650 _aEconomic conditions
_zBangladesh.
710 _aCentre for policy dialogue, Bangladesh.
942 _2ddc
_cBK